000 00763nam a2200217 i 4500
001 76843
003 ES-MaACL
005 20240420063030.0
007 t|
008 041005s1969 sp ||||1| spa d
100 1 _aGullón, Ricardo,
_d1908-1991
_960938
245 1 3 _aLa invención del 98 y otros ensayos /
_cRicardo Gullón.
260 _aMadrid :
_bGredos,
_c[1969]
300 _a198 p. ;
_c19 cm.
490 1 _aBiblioteca románica hispánica ;
_vVII. Campo abierto ;
_v23
650 _aGeneración del 98 (Literatura)
_913051
650 4 _aLiteratura española-
_yS.XX-
_xHistoria y crítica.
_9141686
830 1 _aBiblioteca románica hispánica ;
_vVII. Campo abierto ;
_v23
_9180746
852 _aES-MaACL
_jC-36478
999 _c76843
_d76843